Hydrostatický motor alebo čerpadlo so šikmo skosenými axiálnymi rotačnými piestami

Bibliographic Details
Other Authors: Molitoris, Miroslav (Originator, Patent holder)
Format: Book
Language:Slovak
PhysicalDescription:10 s. obr. 30 cm
Published: [Banská Bystrica] Úrad priemyselného vlastníctva SR [2013]
Subjects:

MARC

LEADER 00000cam a2200000 a 4500
001 vtls010527803
003 SK-MaSNL
005 20260331210041.0
008 160430s2013 xo a j f000 0 slo
013 |a 288097  |b SK  |c patent  |d 20130703  |e dátum sprístupnenia patentu 
013 |a 58-2009  |e číslo prihlášky  |d 20090818  |e dátum podania prihlášky  |d 20110304  |e dátum zverejnenia prihlášky (Vestník ÚPV SR č.: 3/2011) 
015 |a SNBN2013 
040 |a SNK  |b slo  |c SNK  |e AACR2 
041 0 |a slo 
044 |a xo  |c SK 
072 7 |a 621  |x Strojárstvo  |2 konspekt 
080 |a 621.65  |2 2001 
084 |a F04C 2/00  |2 IPC 
100 1 |a Molitoris, Miroslav  |4 org  |4 pth  |9 603429 
245 1 0 |a Hydrostatický motor alebo čerpadlo so šikmo skosenými axiálnymi rotačnými piestami  |c Miroslav Molitoris 
260 |a [Banská Bystrica]  |b Úrad priemyselného vlastníctva SR  |c [2013] 
300 |a 10 s.  |b obr.  |c 30 cm 
650 0 7 |a čerpadlá  |2 SNKPH  |9 21104 
650 0 7 |a Pumps  |2 SNKPHeng  |9 304324 
655 7 |a patenty  |2 SNKPH  |9 177343 
655 7 |a patent licenses  |2 SNKPHeng  |9 303430 
852 |a Štátna vedecká knižnica v Banskej Bystrici 
999 |c 925613  |d 927543 
952 |a SNK  |b SNK  |y PREZ  |7 0  |p 17A1081525  |o snkSK 288097  |i snk2013/19090  |8 0  |0 0  |1 0  |4 0  |d 2013-08-16  |l 0  |r 2026-02-24 08:30:50  |w 2026-02-24